000 00445nab a2200145Ia 4500
003 ES-SlBCS
005 20210601131742.0
008 140529s1932 xxu||||| |||| 00| 0 fre d
041 _afre
100 1 _aDelos, J.-T.
_951125
245 0 0 _aLe désarmement moral et la pensée chrétienne
_c J.-T. Delos
650 0 4 _aPensamiento Cristiano
_9188572
773 0 _tVie Intelectuelle (La)
_gvol. 17, nº. 2, 1932, págs. 226-239
_wRev907
942 _cAR
999 _c568179
_d568179